[Event "Moscow Rapid-ch 2018"]
[Site "Moscow"]
[Date "2018.12.08"]
[Round "5"]
[White "Zaitseva, Lyudmila"]
[Black "Vyrtosu, Natalia"]
[Result "1-0"]
[WhiteElo "1931"]
[BlackElo "1952"]
[Annotator "NA"]
[PlyCount "81"]
[EventDate "2018.12.08"]
[EventType "swiss"]
[EventCountry "RUS"]
[SourceTitle "playchess.com"]
[Source "ChessBase"]
[SourceQuality "1"]
[TimeControl "900+10"]

1. d4 {[%emt 0:00:00]} d5 {[%emt 0:00:00]} 2. Nf3 {[%emt 0:00:00]} Bf5 {[%emt 0:00:16]} 3. c4 {[%emt 0:00:01]} e6 {[%emt 0:00:12]} 4. Nc3 {[%emt 0:00:10]} c6 {[%emt 0:00:02]} 5. Qb3 {[%emt 0:00:21]} Qc8 {[%emt 0:00:38]} 6. Bf4 {[%emt 0:00:05]} Nf6 {[%emt 0:00:05]} 7. h3 {[%emt 0:00:35]} Nbd7 {[%emt 0:00:17]} 8. e3 {[%emt 0:00:05]} h6 {[%emt 0:00:31]} 9. Be2 {[%emt 0:00:02]} Be7 {[%emt 0:00:02]} 10. O-O {[%emt 0:00:03]} O-O {[%emt 0:00:01]} 11. Rfc1 {[%emt 0:01:10]} Ne4 {[%emt 0:01:08]} 12. cxd5 {[%emt 0:00:40]} Nxc3 {[%emt 0:00:04]} 13. bxc3 {[%emt 0:00:07]} exd5 {[%emt 0:01:00]} 14. a4 {[%emt 0:00:49]} b6 {[%emt 0:00:55]} 15. c4 {[%emt 0:00:34]} Be6 {[%emt 0:00:08]} 16. cxd5 {[%emt 0:01:44]} Bxd5 {[%emt 0:00:06]} 17. Qc2 {[%emt 0:00:36]} Nf6 {[%emt 0:01:23]} 18. Nd2 {[%emt 0:00:06]} Qe6 {[%emt 0:00:20]} 19. Bd3 {[%emt 0:01:02]} Nh5 {[%emt 0:00:42]} 20. Be5 {[%emt 0:01:20]} f5 {[%emt 0:01:00]} 21. f3 {[%emt 0:01:37]} Bg5 {[%emt 0:04:30]} 22. e4 {[%emt 0:00:52]} Bxd2 {[%emt 0:00:54]} 23. Qxd2 {[%emt 0:00:06]} fxe4 {[%emt 0:00:06]} 24. fxe4 {[%emt 0:00:07]} Bb3 {[%emt 0:00:02]} 25. Ra3 {[%emt 0:00:33]} c5 {[%emt 0:00:30]} 26. Rxb3 {[%emt 0:00:13]} Qxb3 {[%emt 0:00:26]} 27. Bc4+ {[%emt 0:00:01]} Qxc4 {[%emt 0:00:02]} 28. Rxc4 {[%emt 0:00:02]} cxd4 {[%emt 0:00:05]} 29. Qxd4 {[%emt 0:00:05]} Rad8 {[%emt 0:00:09]} 30. Qa1 {[%emt 0:01:06]} Rd2 {[%emt 0:00:13]} 31. Qe1 {[%emt 0:00:30]} Rfd8 {[%emt 0:00:21]} 32. Rc1 {[%emt 0:00:06]} Ra2 {[%emt 0:00:15]} 33. Qh4 {[%emt 0:00:30]} Rdd2 {[%emt 0:01:24]} 34. Qxh5 {[%emt 0:00:05]} Rxg2+ {[%emt 0:00:02]} 35. Kh1 {[%emt 0:00:01]} Rg5 {[%emt 0:00:12]} 36. Qe8+ {[%emt 0:00:02]} Kh7 {[%emt 0:00:02]} 37. Bf4 {[%emt 0:00:57]} Rg6 {[%emt 0:00:02]} 38. e5 {[%emt 0:00:16]} Ra3 {[%emt 0:00:11]} 39. Qd7 {[%emt 0:00:27]} Rf3 {[%emt 0:00:09]} 40. Qf5 {[%emt 0:00:05]} Rf2 {[%emt 0:00:30]} 41. Rg1 {[%emt 0:00:07]} 1-0

[Event "Moscow Rapid-ch 2018"]
[Site "Moscow"]
[Date "2018.12.08"]
[Round "5"]
[White "Usov, Aleksandr E."]
[Black "Reprintsev, Alexander"]
[Result "0-1"]
[WhiteElo "1593"]
[BlackElo "2371"]
[Annotator "NA"]
[PlyCount "92"]
[EventDate "2018.12.08"]
[EventType "swiss"]
[EventCountry "RUS"]
[SourceTitle "playchess.com"]
[Source "ChessBase"]
[SourceQuality "1"]
[TimeControl "900+10"]

1. d4 {[%emt 0:00:00]} d5 2. c4 e5 {[%emt 0:00:00]} 3. Nc3 {[%emt 0:00:00]} exd4 {[%emt 0:00:00]} 4. Qxd4 {[%emt 0:00:00]} Nc6 {[%emt 0:00:00]} 5. Qe3+ {[%emt 0:00:23]} Be6 {[%emt 0:00:15]} 6. cxd5 {[%emt 0:00:20]} Nb4 {[%emt 0:00:01]} 7. Qd2 {[%emt 0:00:41]} Nxd5 {[%emt 0:00:05]} 8. Nxd5 {[%emt 0:00:01]} Qxd5 {[%emt 0:00:06]} 9. Qxd5 {[%emt 0:00:05]} Bxd5 {[%emt 0:00:02]} 10. Nf3 {[%emt 0:00:02]} O-O-O {[%emt 0:00:44]} 11. Bd2 {[%emt 0:00:09]} Nf6 {[%emt 0:00:03]} 12. e3 {[%emt 0:00:15]} Ne4 {[%emt 0:00:03]} 13. a3 {[%emt 0:00:17]} Nxf2 {[%emt 0:00:49]} 14. Kxf2 {[%emt 0:00:14]} Bxf3 {[%emt 0:00:02]} 15. Kxf3 {[%emt 0:00:35]} Rxd2 {[%emt 0:00:02]} 16. Bc4 {[%emt 0:00:01]} Rxb2 {[%emt 0:00:26]} 17. Rhd1 {[%emt 0:00:33]} Bd6 {[%emt 0:00:05]} 18. a4 {[%emt 0:00:28]} Re8 {[%emt 0:00:32]} 19. Rab1 {[%emt 0:00:13]} Rxb1 {[%emt 0:00:04]} 20. Rxb1 {[%emt 0:00:01]} c6 {[%emt 0:01:08]} 21. Rd1 {[%emt 0:01:24]} Kc7 {[%emt 0:00:02]} 22. Rf1 {[%emt 0:00:11]} f6 {[%emt 0:00:02]} 23. Rc1 {[%emt 0:00:17]} a6 {[%emt 0:00:08]} 24. e4 {[%emt 0:00:05]} Re5 {[%emt 0:00:06]} 25. Bg8 {[%emt 0:00:40]} Ra5 {[%emt 0:00:39]} 26. Bxh7 {[%emt 0:00:41]} Rxa4 {[%emt 0:00:03]} 27. Kg4 {[%emt 0:00:09]} Ra2 {[%emt 0:00:11]} 28. Kf5 {[%emt 0:00:10]} Rxg2 {[%emt 0:00:10]} 29. h4 {[%emt 0:00:02]} a5 {[%emt 0:00:09]} 30. Bg6 {[%emt 0:00:28]} a4 {[%emt 0:00:06]} 31. h5 {[%emt 0:00:01]} a3 {[%emt 0:00:05]} 32. Ke6 {[%emt 0:00:02]} Be5 {[%emt 0:00:06]} 33. h6 {[%emt 0:00:19]} Rxg6 {[%emt 0:00:21]} 34. Rc2 {[%emt 0:00:24]} Rxh6 {[%emt 0:00:07]} 35. Kf5 {[%emt 0:00:03]} Rh2 {[%emt 0:00:10]} 36. Rc5 {[%emt 0:01:56]} a2 {[%emt 0:00:06]} 37. Ra5 {[%emt 0:00:00]} a1=Q {[%emt 0:00:04]} 38. Rxa1 {[%emt 0:00:19]} Bxa1 {[%emt 0:00:02]} 39. Ke6 {[%emt 0:00:18]} b5 {[%emt 0:00:13]} 40. e5 {[%emt 0:00:04]} b4 {[%emt 0:00:07]} 41. exf6 {[%emt 0:00:07]} gxf6 {[%emt 0:00:03]} 42. Kf7 {[%emt 0:00:00]} b3 {[%emt 0:00:03]} 43. Ke7 {[%emt 0:00:02]} b2 {[%emt 0:00:02]} 44. Ke6 {[%emt 0:00:02]} b1=Q {[%emt 0:00:03]} 45. Kf7 {[%emt 0:00:01]} Rh7+ {[%emt 0:00:05]} 46. Kf8 {[%emt 0:00:03]} Qb8# {[%emt 0:00:02] Kg7 Rxg7} 0-1

[Event "Moscow Rapid-ch 2018"]
[Site "Moscow"]
[Date "2018.12.08"]
[Round "5"]
[White "Parpiev, Isaak"]
[Black "Pavlov, Danila"]
[Result "0-1"]
[WhiteElo "1406"]
[BlackElo "2323"]
[Annotator "NA"]
[PlyCount "70"]
[EventDate "2018.12.08"]
[EventType "swiss"]
[EventCountry "RUS"]
[SourceTitle "playchess.com"]
[Source "ChessBase"]
[SourceQuality "1"]
[TimeControl "900+10"]

1. e4 e6 2. d4 d5 3. e5 c5 4. c3 Qb6 5. Nf3 Nc6 6. a3 Nh6 7. Bd3 Bd7 8. Bc2 cxd4 9. cxd4 Qa6 10. Bd3 Qb6 11. Bc2 g6 12. O-O Nf5 13. Bxf5 gxf5 14. Nc3 Na5 15. Ng5 Be7 16. Qh5 O-O-O 17. Qxf7 Rde8 18. Be3 Rhf8 19. Qh5 f4 20. Rac1 Kb8 21. Bd2 Rf5 22. h4 Nb3 23. Rcd1 Qxd4 24. Be3 Qxe5 25. Bc1 h6 26. Qxh6 Rh8 27. Qg6 Bxg5 28. hxg5 Rxg5 29. Qf7 Rgh5 30. g3 Rh1+ 31. Kg2 R1h2+ 32. Kg1 Nxc1 33. Rxc1 fxg3 34. Qxd7 gxf2+ 35. Rxf2 Qg3+ 0-1

[Event "Moscow Rapid-ch 2018"]
[Site "Moscow"]
[Date "2018.12.08"]
[Round "6"]
[White "Gareyev, Timur"]
[Black "Golubov, Saveliy"]
[Result "0-1"]
[WhiteElo "2569"]
[BlackElo "2482"]
[Annotator "TA"]
[PlyCount "58"]
[EventDate "2018.12.08"]
[EventType "swiss"]
[EventCountry "RUS"]
[SourceTitle "playchess.com"]
[Source "ChessBase"]
[SourceQuality "1"]

{[%evp 13,58,6,29,25,29,-56,-49,-44,-37,-42,-36,-122,-130,-120,-89,-95,-102,-245,-242,-238,-240,-238,-236,-230,-214,-379,-277,-276,-211,-262,-251,-270,-270,-290,-296,-296,-308,-305,-306,-375,-374,-444,-445,-434,-421,-518,-516]} 1. d4 Nf6 2. Bg5 g6 3. Nd2 Bg7 4. e3 O-O 5. c3 d6 6. Ngf3 b6 7. Bd3 Bb7 {LiveBook: 24 Games} 8. h4 {A48: 1 d4 Nf6 2 Nf3 g6: Torre, London and Colle Systems} (8. O-O Nbd7 9. e4 h6 10. Bh4 e5 11. Re1 Qe8 12. a4 a6 13. dxe5 Nxe5 14. Nxe5 dxe5 15. Qc2 a5 16. Nc4 Nh5 17. f3 {½-½ (17) Van den Doel,E (2607)-Safarli,E (2676) Hoogeveen 2018}) 8... Nbd7 9. h5 $146 (9. Qc2 $11) ({Predecessor:} 9. Qc2 c5 10. h5 Nxh5 11. Rxh5 gxh5 12. Bxh7+ Kh8 13. O-O-O Nf6 14. Bxf6 Bxf6 {1-0 (70) Ezsol,M (2345)-Pirisi,G (2365) Hungary 1998}) 9... Nxh5 $15 10. Rxh5 {Black is slightly better.} gxh5 11. Nh4 Qe8 $1 {Hoping for ...f6.} (11... h6 12. Qxh5 Ba6 13. c4 $18) 12. Nf5 (12. Qxh5 $15 f5 13. Qxe8 Raxe8 14. Nxf5) 12... f6 $17 13. Bh4 e6 14. Ng3 f5 {And now ...Bf6 would win.} 15. Qb3 (15. Nxh5 $17 {is a better defense.} Bxg2 16. Nf4) 15... Kh8 $19 16. Be2 Bf6 ({Don't do} 16... Bxg2 17. Bxh5 Qc8 18. Be7) 17. Bxh5 Qe7 18. Bxf6+ Nxf6 19. O-O-O $2 {[#]} (19. Bf3 Bxf3 20. gxf3) 19... Nxh5 20. Nxh5 Qf7 ({Don't play} 20... Bxg2 21. Nf4 $17) 21. Nf4 e5 22. dxe5 dxe5 23. Nd3 Qxb3 24. axb3 Bxg2 25. Nxe5 f4 26. Ndc4 b5 27. Na3 fxe3 {Black is clearly winning.} 28. fxe3 Rae8 29. Nd7 Rf1 {Precision: White = 32%, Black = 82%.} 0-1

[Event "Moscow Rapid-ch 2018"]
[Site "Moscow"]
[Date "2018.12.08"]
[Round "6"]
[White "Sychev, Klementy"]
[Black "Kosteniuk, Alexandra"]
[Result "1/2-1/2"]
[WhiteElo "2537"]
[BlackElo "2537"]
[Annotator "TA"]
[PlyCount "82"]
[EventDate "2018.12.08"]
[EventType "swiss"]
[EventCountry "RUS"]
[SourceTitle "playchess.com"]
[Source "ChessBase"]
[SourceQuality "1"]

{[%evp 26,82,0,0,63,10,0,2,0,9,16,14,47,29,37,13,15,19,14,3,3,0,4,0,14,5,35,0,0,0,29,0,0,0,0,0,0,0,0,0,0,0,0,0,0,0,0,-25,0,0,0,-22,0,0,0,0,0,-35,566]} 1. e4 e5 2. Nf3 Nc6 3. Bb5 a6 4. Ba4 Nf6 5. O-O Be7 6. d3 b5 7. Bb3 d6 8. a4 b4 9. a5 O-O 10. Nbd2 Be6 {C84: Closed Ruy Lopez: Unusual White 6th moves} 11. Nc4 Rb8 12. h3 Nd7 13. Be3 Bf6 14. Re1 {[#] LiveBook: 4 Games} d5 $146 (14... Qc8 $11) ({Predecessor:} 14... Re8 15. Nfd2 Bg5 16. Ba4 Bxe3 17. Rxe3 Ne7 18. c3 {0-1 (79) Swiercz,D (2649)-Tang,A (2513) chess.com INT 2018}) 15. exd5 (15. Ba4 $14) 15... Bxd5 $11 16. Ncd2 Bxb3 17. Nxb3 Re8 18. Nfd2 {[%cal Bf3d2,Bd2c4,Bc4e3][%mdl 32]} Bg5 19. Qf3 {[#] Threatens to win with Bxg5.} Bxe3 20. Rxe3 (20. fxe3 {is interesting.} Re6 21. Rf1 Qe7 22. Ne4 Rf8 23. g4) 20... Re6 21. Rae1 Rb5 22. Nc4 Nf8 {[%cal Bd7f8,Bf8h7,Bh7f6,Bf6g4][%mdl 32]} 23. g3 h6 24. h4 Rd5 25. Re4 Nh7 26. Ne3 Rb5 $1 27. Nc4 Rd5 28. R4e2 (28. d4 $5) 28... Nf6 29. Qg2 Qd7 30. Qf3 Re8 31. Kg2 Re6 32. Re3 Re7 33. Kg1 Ng4 34. R3e2 h5 35. Qg2 Re6 36. Kh1 Rg6 37. Kg1 Re6 38. Kh1 Rg6 39. Kg1 Re6 40. Kh1 Rg6 41. f3 f5 $2 {[%mdl 40960] Accuracy: White = 49%, Black = 64%. . An unexpected result.} (41... Nh6 $1 $15 {stays ahead.} 42. Ne3 (42. Nxe5 Nxe5 43. Rxe5 Nf5 $17) 42... Rb5) 1/2-1/2

[Event "Moscow Rapid-ch 2018"]
[Site "Moscow"]
[Date "2018.12.08"]
[Round "6"]
[White "Ulko, Jaroslav"]
[Black "Usov, Aleksandr E."]
[Result "1-0"]
[WhiteElo "2439"]
[BlackElo "1593"]
[Annotator "TA"]
[PlyCount "87"]
[EventDate "2018.12.08"]
[EventType "swiss"]
[EventCountry "RUS"]
[SourceTitle "playchess.com"]
[Source "ChessBase"]
[SourceQuality "1"]

{[%evp 13,86,40,47,21,38,32,60,3,34,0,0,0,27,30,325,319,623,601,633,618,1052,1058,1029,1045,1033,1000,1085,1093,1086,1076,1026,1059,1128,1108,968,602,29976,29977,29977,29978,29975,5802,29981,29982,29980,29981,29981,29981,29984,29976,29973,29974,29969,29967,29989,29990,29991,29992,29992,29993,29994,29995,29995,29996,29996,29995,29995,29996,29996,29997,29997,29998,29998,29999,29999]} 1. d4 c6 2. c4 d5 3. cxd5 cxd5 4. Nf3 Nc6 5. Nc3 Nf6 6. Bf4 Qb6 7. a3 e6 {LiveBook: 3 Games. D13: Slav Defence: Exchange variation without ...Bf5} 8. Na4 Qd8 9. e3 (9. h3 Ne4 10. Rc1 Qa5+ 11. Nd2 Bd7 12. Nc5 Nxc5 13. dxc5 Bxc5 14. b4 Nxb4 15. axb4 Bxb4 {½-½ (185) Sergeev,V (2436)-Movsesian,S (2699) Pardubice 2013}) 9... Qa5+ {White is slightly better.} 10. Nc3 (10. Nd2 $14) 10... Ne4 $11 11. Qc1 Be7 $146 ({Predecessor:} 11... Bd7 12. Bd3 Nxc3 13. bxc3 Rc8 14. Qb2 a6 15. O-O b5 16. Nd2 Be7 17. Nb3 {0-1 (34) Wiercioch,S (1800)-Urbanski,G (2040) Sielpa 2004}) 12. Bd3 f5 13. O-O $36 {[%mdl 2048] Black is under pressure.} Rg8 $2 {[%mdl 8192] [#]} (13... Qd8 $11) 14. Nb5 $1 $18 {[%cal Rb5c7]} g5 $2 (14... Kf7 15. Nc7 Rb8) 15. Nc7+ Kf7 16. b4 ({Weaker is} 16. Nxa8 gxf4 17. b4 (17. exf4 Bd7 $16) 17... Qd8 $16) 16... Bxb4 17. axb4 Qxb4 18. Ne5+ Nxe5 19. Bxe5 Bd7 20. Nxa8 Rxa8 21. Qc7 Ke8 22. Bxe4 fxe4 23. Rfb1 Qc4 24. Rxb7 Qc6 25. Qxc6 Bxc6 26. Rxh7 a5 27. Rh8+ (27. Rc1 $142 Ra6 28. Rb1 Ra8 29. Rb6 Rc8 30. Rh8+ Kd7 31. Rxc8 {[%mdl 64] Overworked Piece} Kxc8 32. Rxc6+ {[%mdl 64] Double Attack} Kd7 33. Ra6) 27... Kf7 28. Rxa8 {White mates.} Bxa8 29. Rxa5 Bc6 30. Ra7+ Ke8 31. h3 Bb5 32. Kh2 Bc4 33. Kg3 Kd8 34. Kg4 Kc8 35. Kxg5 Kd8 36. h4 Be2 37. h5 Bxh5 38. Kxh5 Kc8 39. g4 Kd8 40. g5 Ke8 41. g6 Kf8 42. Bf6 {[%cal Ra7a8]} Ke8 43. g7 {[%cal Rg7g8]} e5 44. g8=Q# {Accuracy: White = 73%, Black = 26%.} 1-0

[Event "Moscow Rapid-ch 2018"]
[Site "Moscow"]
[Date "2018.12.08"]
[Round "6"]
[White "Yeletsky, Ivan"]
[Black "Zakhartsov, Vladimir"]
[Result "1/2-1/2"]
[WhiteElo "2406"]
[BlackElo "2486"]
[Annotator "TA"]
[PlyCount "39"]
[EventDate "2018.12.08"]
[EventType "swiss"]
[EventCountry "RUS"]
[SourceTitle "playchess.com"]
[Source "ChessBase"]
[SourceQuality "1"]

{[%evp 21,39,70,61,29,44,17,147,125,126,144,133,117,120,0,0,0,131,0,0,0]} 1. e4 c5 2. Nf3 d6 3. d4 Nf6 4. Nc3 cxd4 5. Nxd4 a6 6. Bg5 Nbd7 7. Qe2 {B94: Sicilian Najdorf: 6 Bg5 Nbd7} h6 8. Bh4 e6 (8... g6 9. f4 Qc7 10. O-O-O Bg7 11. g4 e5 12. fxe5 Nxe5 13. h3 Be6 14. Qf2 Nfd7 {½-½ (26) Carlsen,M (2842)-Svidler,P (2753) Biel 2018}) 9. O-O-O Qc7 10. f4 Be7 11. g4 b5 {LiveBook: 11 Games} 12. a3 (12. e5 $5 dxe5 13. fxe5 Qxe5 14. Qf3 $14) 12... Bb7 13. Kb1 (13. Bg2 {is interesting.} Rc8 14. Rhf1 Nb6 15. Kb1 Nc4 16. Be1) 13... Nxe4 (13... Rc8 $11 {keeps the balance.}) 14. Nxe4 $16 Bxh4 {[#]} 15. Nxe6 $1 {[%mdl 512]} fxe6 16. Nxd6+ Ke7 $146 ({Predecessor:} 16... Kd8 17. Nxb7+ Qxb7 18. Bg2 Qa7 19. Bc6 {1-0 (19) Brizzi,E (1512)-Bieszk,S (766) LSS email 2013}) 17. Nf5+ {[%mdl 1024] White has strong compensation.} Kf7 $1 18. Nd6+ Ke7 19. Nf5+ (19. Rg1 $16) 19... Kf7 $1 $11 20. Nd6+ 1/2-1/2

[Event "Moscow Rapid-ch 2018"]
[Site "Moscow"]
[Date "2018.12.08"]
[Round "6"]
[White "Gorbatov, Alexej"]
[Black "Girshgorn, Leonid"]
[Result "1-0"]
[WhiteElo "2389"]
[BlackElo "2038"]
[Annotator "NA"]
[PlyCount "101"]
[EventDate "2018.12.08"]
[EventType "swiss"]
[EventCountry "RUS"]
[SourceTitle "playchess.com"]
[Source "ChessBase"]
[SourceQuality "1"]
[TimeControl "900+10"]

1. e4 {[%emt 0:00:00]} c6 {[%emt 0:00:00]} 2. Nc3 {[%emt 0:00:00]} d5 {[%emt 0:00:00]} 3. Qf3 {[%emt 0:00:00]} dxe4 {[%emt 0:00:00]} 4. Nxe4 {[%emt 0:00:00]} Nf6 {[%emt 0:00:00]} 5. Nxf6+ {[%emt 0:00:00]} exf6 {[%emt 0:00:00]} 6. Bc4 {[%emt 0:00:02]} Bd6 {[%emt 0:00:00]} 7. Ne2 {[%emt 0:00:03]} O-O {[%emt 0:00:00]} 8. d4 {[%emt 0:00:04]} Re8 {[%emt 0:00:01]} 9. Be3 {[%emt 0:00:41]} Nd7 {[%emt 0:00:08]} 10. Bd3 {[%emt 0:00:39]} Nb6 {[%emt 0:00:40]} 11. c4 {[%emt 0:01:32]} Bb4+ {[%emt 0:00:12]} 12. Kf1 {[%emt 0:00:01]} Be6 {[%emt 0:00:21]} 13. b3 {[%emt 0:00:18]} a5 {[%emt 0:01:05]} 14. a3 {[%emt 0:03:24]} Bf8 {[%emt 0:00:16]} 15. a4 {[%emt 0:00:02]} Nd7 {[%emt 0:00:29]} 16. Rd1 {[%emt 0:00:48]} g6 {[%emt 0:03:07]} 17. Nf4 {[%emt 0:00:55]} Bg7 {[%emt 0:00:07]} 18. h4 {[%emt 0:00:52]} h5 {[%emt 0:01:33]} 19. Nxe6 {[%emt 0:00:15]} Rxe6 {[%emt 0:00:01]} 20. Bc2 {[%emt 0:00:18]} Re8 {[%emt 0:01:33]} 21. g3 {[%emt 0:00:52]} f5 {[%emt 0:00:03]} 22. Kg2 {[%emt 0:00:09]} Nf6 {[%emt 0:00:08]} 23. Bg5 {[%emt 0:00:20]} Qd6 {[%emt 0:00:10]} 24. Bf4 {[%emt 0:00:19]} Qb4 {[%emt 0:00:38]} 25. Be5 {[%emt 0:00:24]} Rad8 {[%emt 0:00:50]} 26. Rd3 {[%emt 0:02:35]} Ng4 {[%emt 0:01:07]} 27. Bxg7 {[%emt 0:00:11]} Kxg7 {[%emt 0:00:01]} 28. Rhd1 {[%emt 0:00:28]} Re7 {[%emt 0:02:22]} 29. R3d2 {[%emt 0:00:03]} Rde8 {[%emt 0:00:04]} 30. d5 {[%emt 0:00:42]} cxd5 {[%emt 0:00:10]} 31. cxd5 {[%emt 0:00:42]} Qd6 {[%emt 0:00:33]} 32. Qc3+ {[%emt 0:02:32]} Kh7 {[%emt 0:00:27]} 33. Qd4 {[%emt 0:00:22]} Re2 {[%emt 0:00:30]} 34. Bd3 {[%emt 0:00:52]} Rxf2+ {[%emt 0:00:33]} 35. Rxf2 {[%emt 0:00:05]} Ne3+ {[%emt 0:00:01]} 36. Kh3 {[%emt 0:00:14]} Nxd1 {[%emt 0:00:07]} 37. Rf3 {[%emt 0:00:07]} Qe5 {[%emt 0:03:06]} 38. Qxe5 {[%emt 0:00:10]} Rxe5 {[%emt 0:00:01]} 39. Bc4 {[%emt 0:00:07]} Re7 {[%emt 0:00:38]} 40. Bb5 {[%emt 0:00:10]} Re5 {[%emt 0:00:27]} 41. d6 {[%emt 0:00:09]} Rd5 {[%emt 0:00:01]} 42. d7 {[%emt 0:00:01]} Kg7 {[%emt 0:00:03]} 43. Rf1 {[%emt 0:00:23]} Ne3 {[%emt 0:00:09]} 44. Re1 {[%emt 0:00:04]} Ng4 {[%emt 0:00:01]} 45. Re8 {[%emt 0:00:21]} Rd2 {[%emt 0:00:04]} 46. Re2 {[%emt 0:00:01]} Rd1 {[%emt 0:00:20]} 47. Kg2 {[%emt 0:00:14]} Nf6 {[%emt 0:00:01]} 48. Re8 {[%emt 0:00:11]} Rd2+ {[%emt 0:00:05]} 49. Kf1 {[%emt 0:00:01]} Ng4 {[%emt 0:00:10]} 50. Ke1 {[%emt 0:00:06]} Ne5 {[%emt 0:00:20]} 51. Kxd2 1-0

[Event "Moscow Rapid-ch 2018"]
[Site "Moscow"]
[Date "2018.12.08"]
[Round "6"]
[White "Lavrov, Maxim"]
[Black "Shinkevich, Vitaly"]
[Result "0-1"]
[WhiteElo "2387"]
[BlackElo "2439"]
[Annotator "TA"]
[PlyCount "60"]
[EventDate "2018.12.08"]
[EventType "swiss"]
[EventCountry "RUS"]
[SourceTitle "playchess.com"]
[Source "ChessBase"]
[SourceQuality "1"]

{[%evp 20,60,52,52,62,4,2,9,5,4,5,-83,-84,-95,-112,-137,-114,-143,-131,-131,-97,-156,-87,-97,-95,-295,-308,-422,-410,-399,-395,-402,-385,-730,-733,-979,-837,-1028,-998,-29990,-29991,-29994,-29995]} 1. e4 e5 2. Nf3 Nc6 3. Bb5 a6 4. Ba4 Nf6 5. O-O b5 6. Bb3 Bb7 7. d3 Bc5 8. c3 d6 9. Bg5 {[%cal Bc1g5,Bg5h4,Bh4g3][%mdl 32] C78: Ruy Lopez: Archangelsk and Möller Defences} (9. Kh1 h6 10. Nh4 g5 11. Nf5 Ne7 12. Nxe7 Qxe7 13. Be3 O-O 14. Nd2 Kg7 15. a4 Nd7 16. Qe2 Bb6 {½-½ (60) Polgar,J (2709)-Godena,M (2528) Arvier 2008}) 9... h6 10. Bh4 g5 11. Bg3 $1 {LiveBook: 4 Games. White is slightly better.} Qe7 12. d4 ({Better is} 12. Re1 $14) 12... Bb6 $11 13. Re1 h5 $146 {White must now prevent ...h4.} ({Predecessor:} 13... O-O 14. dxe5 Nxe5 15. Nxe5 dxe5 16. Nd2 Rad8 {½-½ (48) Vecera,P (2145)-Zvara,P (2409) Zdar nad Sazavou 2008}) 14. h4 g4 15. Ng5 (15. dxe5 $1 $11 {keeps the balance.} dxe5 16. Ng5) 15... Nd8 $1 $17 ({Avoid the trap} 15... exd4 $2 16. Nxf7 Kd7 17. Nxh8 $16) 16. Nd2 {[%cal Bb1d2,Bd2f1,Bf1e3,Be3f5][%mdl 32]} Nd7 $36 {[%mdl 2048] Black has strong initiative.} 17. Nf1 {next Ne3 is good for White.} f6 {[%mdl 64] Trapped Piece} 18. Ne3 {Strongly threatening Nf5.} fxg5 19. Nf5 Qf6 {And now ...Bxe4! would win.} 20. hxg5 Qxg5 ({Black should try} 20... Qg6 $1 21. Qd2 Nc6 {[%mdl 64] Remove Defender}) 21. Bh4 {[#]} Qg6 $1 22. dxe5 $2 (22. Ne7 $17 {was called for.} Qg7 23. Nf5) 22... Nxe5 $19 23. Bd5 Bxd5 24. Qxd5 Rb8 25. Bg3 Ndf7 {Threatens to win with ...h4!} 26. a4 $2 {[#]} (26. Nh4 Qf6 27. a4) 26... h4 $1 27. Bxh4 (27. Nxh4 Rxh4) 27... c6 28. Qd1 {[#]} Nf3+ $1 {[%mdl 512]} 29. gxf3 gxf3+ 30. Bg3 {[#]} Qg4 $1 {Accuracy: White = 22%, Black = 82%.} 0-1

[Event "Moscow Rapid-ch 2018"]
[Site "Moscow"]
[Date "2018.12.08"]
[Round "6"]
[White "Dragomarezkij, Evgeni"]
[Black "Tsvetkov, Andrey"]
[Result "1/2-1/2"]
[WhiteElo "2385"]
[BlackElo "2338"]
[Annotator "NA"]
[PlyCount "103"]
[EventDate "2018.12.08"]
[EventType "swiss"]
[EventCountry "RUS"]
[SourceTitle "playchess.com"]
[Source "ChessBase"]
[SourceQuality "1"]
[TimeControl "900+10"]

1. c4 e6 2. Nc3 d5 3. d4 c6 4. e3 Nf6 5. Nf3 Nbd7 6. Qc2 Bd6 7. b3 O-O 8. Be2 Qe7 9. O-O b6 10. e4 dxe4 11. Nxe4 Nxe4 12. Qxe4 Bb7 13. Bg5 Nf6 14. Qe3 h6 15. Bh4 c5 16. Rad1 Rad8 17. Ne5 cxd4 18. Qxd4 Bc5 19. Qb2 g5 20. Bg3 Ne4 21. Bf3 Nxg3 22. hxg3 Bxf3 23. gxf3 Qf6 24. Qe2 Qf5 25. Kg2 Rd6 26. Ng4 Kg7 27. Qb2+ f6 28. Rxd6 Bxd6 29. Rh1 Rh8 30. Qd4 Bc5 31. Qd7+ Kg6 32. Re1 h5 33. Ne3 Bxe3 34. Rxe3 e5 35. Rd3 Qxd7 36. Rxd7 Rh7 37. Rd6 Re7 38. Rc6 Kf7 39. c5 Re6 40. Rc7+ Re7 41. cxb6 axb6 42. Rc8 Re8 43. Rxe8 Kxe8 44. Kh3 Kd7 45. f4 exf4 46. gxf4 Kd6 47. b4 Kd5 48. a4 Kc4 49. a5 bxa5 50. bxa5 Kb5 51. fxg5 fxg5 52. Kg3 {Kb6} 1/2-1/2